MARC

LEADER 00000nam0a2200000 4500
001 149777
005 20231031150017.0
035 |a (RuTPU)RU\TPU\book\162382 
090 |a 149777 
100 |a 20081222d1964 m y0rusy50 ca 
101 0 |a rus 
102 |a RU 
105 |a a z 001zy 
200 1 |a Контроль производства масел и парафинов  |f Д. О. Гольдберг 
210 |a Москва  |a Ленинград  |c Химия  |d 1964 
215 |a 246 с.  |c ил. 
320 |a Библиогр.: с. 238-241. 
610 1 |a масляное производство 
610 1 |a масла 
610 1 |a парафины 
610 1 |a производство 
610 1 |a деасфальтизация 
610 1 |a очистка 
610 1 |a контроль 
610 1 |a депарафинизация 
610 1 |a обезмасливание 
610 1 |a доочистка 
610 1 |a плотность 
610 1 |a вязкость 
610 1 |a определение 
610 1 |a перегонка 
610 1 |a лабораторные методы 
675 |a 665.521  |v 3 
700 1 |a Гольдберг  |b Д. О.  |g Дебора Осиповна 
801 1 |a RU  |b 63413507  |c 20081222  |g PSBO 
801 2 |a RU  |b 63413507  |c 20090314  |g PSBO 
942 |c BK